[Event "IECG TG-2005-0-15500"]
[Site "IECG email"]
[Date "2005.08.17"]
[Round "1"]
[White "Liu, Juran"]
[Black "Cuomo, Salvatore"]
[Result "0-1"]
[WhiteElo "1500"]
[BlackElo "1474"]
[PlyCount "26"]
[EventDate "2005.10.27"]
[EventType "tourn (corr)"]
[EventRounds "6"]
[SourceTitle "Corr 2024"]
[Source "ChessBase"]
[SourceDate "2023.10.19"]
[SourceVersion "1"]
[SourceVersionDate "2023.10.19"]
[SourceQuality "1"]

1. e4 c6 2. d4 d5 3. e5 Bf5 4. Nf3 e6 5. Nc3 c5 6. dxc5 Bxc5 7. Bd3 Bxd3 8. Qxd3 Nd7 9. Be3 b6 10. Bg5 Ne7 11. a3 a5 12. Nb5 Qb8 13. Bf4 Ng6 0-1

[Event "IECG QD.2005.0.00078 email"]
[Site "IECG email"]
[Date "2005.07.28"]
[Round "?"]
[White "Liu, Juran"]
[Black "Couspeyre, Thierry"]
[Result "0-1"]
[WhiteElo "1500"]
[BlackElo "1503"]
[PlyCount "26"]
[EventDate "2005.07.28"]
[EventType "tourn (corr)"]
[EventRounds "2"]
[SourceTitle "Corr 2024"]
[Source "ChessBase"]
[SourceDate "2023.10.19"]
[SourceVersion "1"]
[SourceVersionDate "2023.10.19"]
[SourceQuality "1"]

1. e4 d5 2. exd5 Nf6 3. c4 c6 4. dxc6 Nxc6 5. Nc3 Bf5 6. Nf3 Nb4 7. Qa4+ Nc6 8. d4 Bd7 9. Qd1 Bg4 10. d5 Ne5 11. Be2 Bxf3 12. Bxf3 Qc7 13. b3 Nxc4 0-1